000 00916nam0a22002411 4500
001 rc\2212005
005 20260407151531.0
035 _a(NLR Aleph) 006488057
090 _a6103175
_c6103175
100 _a20110829d1979 |||y0rusy50 ca
101 0 _arus
102 _aRU
105 _aa z |||||
200 1 _aПравила дорожного движения
_eУтв. М-вом внутр. дел СССР 25.08.72
_eВвод в действие с 1 янв. 1973 г.
_e(С изм. и доп. от 1 апр. 1975 г., 1 янв. 1976 г. и 1 янв. 1979 г.)
205 _a11-е изд.
210 _aКиев
_cТехнiка
_d1979
215 _a65 с., 2 л. цв. ил.
_cил.
_d20
712 0 1 _aСССР
_bМинистерство внутренних дел
_3RU\NLR\AUTH\8810028193
_9554906
801 0 _aRU
_bNLR
_gpsbo
801 1 _aRU
_bELAR
_2rusmarc
852 _aNLR
_j79-4/14947
942 _cBOOK
980 _aNB